LIBRARY & INFORMATION CENTRE, KCAET, TAVANUR

ONLINE PUBLIC ACCESS CATALOGUE (OPAC)

Micro Irrigation Theory and Practice (Record no. 14505)

MARC details
000 -LEADER
fixed length control field 00301nam a22001217a 4500
020 ## - INTERNATIONAL STANDARD BOOK NUMBER
ISBN 9788180141508
082 ## - DEWEY DECIMAL CLASSIFICATION NUMBER
Classification number 631.587
Item number SUR/MI
100 ## - MAIN ENTRY--AUTHOR NAME
Personal name Suresh,R
245 ## - TITLE STATEMENT
Title Micro Irrigation Theory and Practice
260 ## - PUBLICATION, DISTRIBUTION, ETC. (IMPRINT)
Place of publication Delhi
Name of publisher Standard Publishers Distributors
Year of publication 2010
300 ## - PHYSICAL DESCRIPTION
Number of Pages 695
942 ## - ADDED ENTRY ELEMENTS (KOHA)
Koha item type Books
Holdings
Withdrawn status Lost status Damaged status Collection code Home library Current library Shelving location Date acquired Source of acquisition Cost, normal purchase price Full call number Accession Number Koha item type
        KAUAET KAUAET General Stacks 12/07/2016 Researchco Books and Periodicals, New Delhi 350.00 631.587 SUR/MI 24371 Books
free website counter